Κατάλογος Βιβλιοθηκών Mediterranean College

Understanding Media / The Extensions of Man (Record no. 445)

MARC details
000 -LEADER
fixed length control field 01648cam a22001934a 4500
005 - ΗΜΕΡΟΜΗΝΙΑ ΚΑΙ ΩΡΑ ΤΕΛΕΥΤΑΙΑΣ ΕΝΗΜΕΡΩΣΗΣ
Πεδίο ελέγχου 20250605163935.0
008 - FIXED-LENGTH DATA ELEMENTS--GENERAL INFORMATION
Πεδίο ελέγχου σταθερού μήκους 250528s ||||||||||||||||||||||||d
035 ## - SYSTEM CONTROL NUMBER
System control number 14832
020 ## - ISBN
ISBN 415104831
040 ## - ΠΗΓΗ ΚΑΤΑΛΟΓΟΓΡΑΦΗΣΗΣ
Φορέας πρωτότυπης καταλογογράφησης MC Athens Campus Library
Γλώσσα καταλογογράφησης Ελληνικά, Μοντέρνα (1453-)
Modifying agency MC Athens Campus Library
Κανόνες περιγραφικής καταλογογράφησης AACR2
245 1# - ΤΙΤΛΟΣ ΚΑΙ ΔΗΛΩΣΗ ΥΠΕΥΘΥΝΟΤΗΤΑΣ
Τίτλος Understanding Media / The Extensions of Man
260 ## - PUBLICATION, DISTRIBUTION, ETC.
Name of publisher, distributor, etc. Rouledge,
Date of publication, distribution, etc. 1994
300 ## - PHYSICAL DESCRIPTION
Extent 360
520 ## - SUMMARY, ETC.
Summary, etc. This classic text offers us an all-encompassing exploration of the entire spectrum of communication as it has extended human horizons, from the invention of movable type through to the computer age. Introduction, Medium is the Message, Media Hot and Cold, Reversal of the Overheated Medium, The Gadget Lover: Narcissus as Narcosis, Hybrid Energy: Les Liaisons Dangereuses, Media as Translators, Challenge and Collapse: The Nemesis of Creativity, The Spoken Word: Flower of Evil?, The Written Word: An Eye for an Ear, Roads and Paper Routes, Number: Profile of the Crowd, Clothing: Our Extended Skin, Housing: New Look and New Outlook, Money: The Poor Man's Credit Card, Clocks: The Scent of Time, The Print: How to Dig It, Comics: Mad Vestibule to TV, The Printed Word: Architect of Nationalism, Wheel and Bicycle and Airplane, The Photograph: The Brothel-without-Walls, Press: Government by News Leak, Motorcar: The Mechanical Bride, Ads: Keeping Upset with the Joneses, Games: The Extensions of Man, Telegraph: The Social Hormone, The Typewriter: Into the Age of the Iron Whim, The Telephone: Sounding Brass or Thinking Symbol?, The Phonograph: The Toy That Shrank the National Chest.
700 1# - ΠΡΟΣΘΕΤΗ ΑΝΑΓΡΑΦΗ--ΦΥΣΙΚΟ ΠΡΟΣΩΠΟ
Personal name Mcluhan Marshall
9 (RLIN) 596
942 ## - ADDED ENTRY ELEMENTS (KOHA)
Koha item type Books
Holdings
Τύπος τεκμηρίου Βιβλιοθήκη Τρέχουσα τοποθεσία Barcode Αριθμός εισαγωγής Ημερομηνία απόκτησης Ταξιθετικό σύμβολο Αριθμός αντιτύπου Κατάσταση απόσυρσης Κατάσταση χαμένου Κατάσταση κατεστραμμένου Μη δανεισμός Σύνολο δανεισμών Ημερομηνία τελευταίας εμφάνισης Η τιμή ισχύει από
Books MC Athens Campus Library MC Athens Campus Library 9780000004444 5333 05/06/2025 302.23 MCL 1           05/06/2025 05/06/2025

MC Athens Campus Library
Πατησίων 94 & Κοδριγκτώνος 13, 104 34
Πελλήνης 8 & Πατησίων 107, 112 51
Τ: +30 210 8899600

MC Thessaloniki Campus Library
Ίωνος Δραγούμη 21, 54625 | Ίωνος Δραγούμη 15, 54625
Τ: +30 2310 287779 – Τ: +30 2314 440300